Relaciones topográficas de España (Record no. 163233)
[ view plain ]
| 000 -LEADER | |
|---|---|
| campo de control de longitud fija | 01445nam a2200289 i 4500 |
| 001 - NÚMERO DE CONTROL | |
| campo de control | 163233 |
| 003 - IDENTIFICADOR DE NÚMERO DE CONTROL | |
| campo de control | ES-MaACL |
| 005 - FECHA Y HORA DE LA ÚLTIMA TRANSACCIÓN | |
| campo de control | 20260204130124.0 |
| 008 - DATOS DE LONGITUD FIJA--INFORMACIÓN GENERAL | |
| campo de control de longitud fija | 040915m19031912sp |||| | spa d |
| 080 ## - NÚMERO DE LA CLASIFICACIÓN DECIMAL UNIVERSAL | |
| Número de la Clasificación Decimal Universal | 946.028.1 |
| 245 00 - MENCIÓN DEL TÍTULO | |
| Título | Relaciones topográficas de España |
| Resto del título | : relaciones de pueblos que pertenecen hoy a la provincia de Guadalajara / |
| Mención de responsabilidad, etc. | con notas y aumentos de Juan Catalina García. |
| 260 ## - PUBLICACIÓN, DISTRIBUCIÓN, ETC. | |
| Lugar de publicación, distribución, etc. | Madrid : |
| Nombre del editor, distribuidor, etc. | Real Academia de la Historia, |
| Fecha de publicación, distribución, etc. | 1903-1912 ( |
| Fabricante | Est. tip. de la viuda e hijos de M. Tello) |
| 300 ## - DESCRIPCIÓN FÍSICA | |
| Extensión | 5 v. ; |
| Dimensiones | 24 cm. |
| 490 1# - MENCIÓN DE SERIE | |
| Mención de serie | Memorial histórico español ; |
| Designación de volumen o secuencia | 41-43, 45, 47 |
| 500 ## - NOTA GENERAL | |
| Nota general | Son los tomos 1-4 y 6. |
| 530 ## - NOTA DISPONIBLE DE FORMULARIO FÍSICO ADICIONAL | |
| Nota de formato físico adicional disponible | Disponible en formato digital. |
| 594 ## - Nota al título y mención de responsabilidad | |
| Nota al título y mención de responsabilidad | Los tomos 4 y 6 publicados y aumentados por Manuel Pérez Villamil. |
| 630 04 - PUNTO DE ACCESO ADICIONAL DE MATERIA--TÍTULO UNIFORME | |
| Título uniforme | Relaciones topográficas mandadas hacer por Felipe II. |
| 9 (RLIN) | 156699 |
| 651 #4 - PUNTO DE ACCESO ADICIONAL DE MATERIA--NOMBRE GEOGRÁFICO | |
| Nombre geográfico | Guadalajara (Provincia)- |
| Subdivisión de forma | Relaciones geográficas. |
| 9 (RLIN) | 156698 |
| 700 1# - ENTRADA AGREGADA--NOMBRE PERSONAL | |
| Nombre de persona | García, Juan Catalina, |
| Fechas asociadas al nombre | 1845-1911 |
| 9 (RLIN) | 54060 |
| 700 1# - ENTRADA AGREGADA--NOMBRE PERSONAL | |
| Nombre de persona | Pérez-Villamil, Manuel, |
| Fechas asociadas al nombre | 1849-1917 |
| 9 (RLIN) | 91209 |
| 830 00 - PUNTO DE ACCESO ADICIONAL DE SERIE-TÍTULO UNIFORME | |
| Título uniforme | Memorial histórico español |
| Designación de volumen o secuencia | 41-43, 45, 47 |
| 9 (RLIN) | 187759 |
| 852 ## - LOCALIZACIÓN | |
| Ubicación | ES-MaACL |
| Número de control de estantería | C-19346-50 |
| Ubicación en estantería | Galería |
| Encuadernación | Encuadernación holandesa, los dos primeros tomos y Rústicos los otros dos |
| 856 4# - LOCALIZACIÓN Y ACCESO ELECTRÓNICOS | |
| Identificador Uniforme de Recursos | <a href="https://patrimoniodigital.castillalamancha.es/bidicam/es/consulta/registro.do?id=11374">https://patrimoniodigital.castillalamancha.es/bidicam/es/consulta/registro.do?id=11374</a> |
| Nota pública | (6 v.) |
| Texto de enlace | Biblioteca Digital de Castilla-La Mancha |
| 942 ## - ELEMENTOS DE ENTRADA SECUNDARIOS (KOHA) | |
| Fuente del sistema de clasificación o colocación | Clasificación decimal universal |
| Estatus retirado | Estado de pérdida | Estado de daño | No para préstamo | Colección | Biblioteca de origen | Biblioteca actual | Ubicación en estantería | Fecha de adquisición | Fuente de adquisición | Total de préstamos | Signatura topográfica completa | Código de barras | Visto por última vez | Precio de reemplazo | Tipo de ítem Koha |
|---|---|---|---|---|---|---|---|---|---|---|---|---|---|---|---|
| Colección digital | Biblioteca del Ateneo de Madrid | Biblioteca del Ateneo de Madrid | Mesetón | 17/01/2008 | C-19346-50 | 1171051 | 23/02/2023 | 23/02/2023 | Libro impreso |
